1835 1891 1236 1307 1095 1171 1276 1936 1468 1727 1683 1915 1366 1505 1071 1240 1245 1183 1632 1116 1051 1558 1670 1902 1632 1331 1011 1888 1937 1816 1510 1914 1186 1235 1589 1546 1641 1967 1598 1448 1497 1545 1024 1887 1824 1969 1759 1088 1980 1764 1676 1207 1413 1626 1042 1242 1853 1048 1219 1838 1639 1377 1688 1342 1789 1235 1415 1781 1616 1841 1481 1198 1870 1211 1182 1132 1855 1218 1975 1210 1667 1228 1888 1911 1416 1163 1834 1231 1609 1793 1491 1613 1434 1890 1392 1171 1546 1140 1408 BCNSPRNW ULIB Ver.6.0+V

เปลี่ยนเป็นภาษาไทย

Change to English
 แสดงรายละเอียดบรรณานุกรม
  กลับหน้าหลัก

Brief Record : Get Marc (ISO 2709) : E-mail record : QR code < ปิดหน้าต่าง
LEADER : 00000nam 2200000uu 4500
001    13399127123
003     ULIB
008    191016s2017||||th 000 0 tha d
020    ^a9781438077987 (pbk.)
050  4 ^aPE1128^bL887B
100 1  ^aLougheed, Lin,^d1946
245 10 ^aBarron s writing for the TOEFL iBT /^cLin Lougheed
246 30 ^aWriting for the TOEFL iBT
250    ^a6th ed.
260    ^aHauppauge, N.Y. :^bBarron s Educational Series,^c2017
300    ^av, 309 p. :^bill. ;^c28 cm. +^e1 computer optical disc
505 0  ^aIntroduction -- Self-test -- Writing skills: integretedtask -- Writing skills: independent task -- Writing skills-both tasks -- Model tests
650  0 ^aTest of English as a Foreign Language^vStudy guides
650  0 ^aEnglish language^vTextbooks for foreign speakers
650  0 ^aEnglish language^xExaminations^vStudy guides
650  0 ^aEnglish language^xWriting^xProblems, exercises, etc.
653    ^aTOEFL
945    ^p660^l0^i006313
999    ^aประนอม เกษจรัล
รายการนี้ยังไม่มีแท็ก
คุณยังไม่ได้ล็อกอิน คุณสามารถมีกิจกรรมร่วมกับเว็บไซต์ได้ แต่ต้องล็อกอินก่อน ::
  ล็อกอิน

รายการสื่อสารสนเทศ

ลำดับที่ ประเภท เลขเรียก/บาร์โค้ด สถานที่ สถานะ
1. การศึกษาทั่วไป
การศึกษาทั่วไป
PE1128 L887B ฉ.1 
  Barcode: 006313
ห้องสมุดวิทยาเขตสวรรค์ประชารักษ์
►หนังสือทั่วไป
บนชั้น

BibComment


ยังไม่เคยถูกคอมเมนท์

คอมเมนท์ทรัพยากรรายการนี้
  คอมเมนท์: Barron s writing..


 Copyright 2026. Bcnsprnw @Library